| 000 | 01403cam a2200397 i 4500 | ||
|---|---|---|---|
| 001 | 19201334 | ||
| 003 | NUST | ||
| 005 | 20211207095112.0 | ||
| 008 | 160802s2016 pk bl 000 0 eng | ||
| 010 | _a 2016359961 | ||
| 025 | _aP-E-2016359961; 21 | ||
| 037 |
_bLibrary of Congress -- Islamabad Overseas Office _cRs 800.00 |
||
| 038 | _awaseem | ||
| 040 |
_aDLC _beng _cDLC _erda _dDLC |
||
| 042 |
_alcode _apcc |
||
| 043 | _aa-pk--- | ||
| 050 | 0 | 0 |
_aKPL1040 _b.D37 2016 |
| 082 |
_a343.54910946 _bDAR |
||
| 100 | 1 |
_aDar, Sultan Mehmood, _eauthor. _985863 |
|
| 245 | 1 | 0 |
_aManual of Motor vehicle laws in Pakistan : _ball amendments and up-to-date case law / _cby Sultan Mahmood Dar. |
| 246 | 3 | 0 | _aMotor vehicle laws in Pakistan |
| 264 | 1 |
_aLahore : _bImran Law Book House, _c2020. |
|
| 300 |
_a860 pages ; _c24 cm |
||
| 336 |
_atext _btxt _2rdacontent |
||
| 337 |
_aunmediated _bn _2rdamedia |
||
| 338 |
_avolume _bnc _2rdacarrier |
||
| 500 | _a"All amendments and upto date case laws" | ||
| 504 | _aIncludes bibliographical references. | ||
| 563 | _aHBK. | ||
| 650 | 0 |
_aAutomobiles _xLaw and legislation _zPakistan. _985864 |
|
| 650 | 0 |
_aTransportation, Automotive _xLaw and legislation _zPakistan. _985865 |
|
| 650 | 0 |
_aTraffic regulations _zPakistan. _985866 |
|
| 906 |
_a7 _bcbc _corigode _d2 _encip _f20 _gy-gencatlg |
||
| 942 |
_2ddc _cBK |
||
| 999 |
_c587138 _d587138 |
||